000 01006nam a22003017a 4500
003 DO-SdBNP
005 20220317095948.0
007 ta
008 210819e2017 dr ||||er|||| 001 p spa d
020 _a985477245
020 _a9780985477240
040 _aDO-SdBNP
_bspa
_cBNPHU
041 _hspa
082 4 _bC957m
_222
100 1 _957301
_aCruz Cabrera, Ana Arelys
245 1 0 _aMelodies of the heart = Melodias del corazón /
_cAna Arelys Cruz Cabrera; Fotografía de portada, Rocío Marte Poirier,
246 1 0 _aMelodias del corazón.
260 _aEstados Unidos :
_bStillwater River ,
_c2018.
300 _avii, 76 p. ;
_c24 cm.
546 _aPoemas en inglés y español en páginas opuestas.
590 _aInventariado 2021 / MF
650 4 _923204
_aPoesía Patriótica Dominicana
_vColecciones
650 4 _aLiteratura dominicana
_vPoesía
_981340
650 _93218
_aValores
_vpoesía
700 1 _a Marte Poirier, Rocío,
_efotgr.
_979501
910 _aMFeliz
942 _2ddc
_cLBS1
999 _c50223
_d50223